إقتضاء الصراط المستقيم مخالفة أصحاب الجحيم / (رقم التسجيلة. 2742)

تفاصيل مارك
000 -الفاتح
عناصر البيانات ثابتة الطول 00613cam a2200157 i 4500
005 - تاريخ ووقت آخر معاملة
حقل ضبط 20251116121518.0
008 - عناصر البيانات ثابتة الطول
عناصر البيانات ثابتة الطول 250721q1970 xx gr 000 0 ara d
082 14 - رقم تصنيف ديوي العشري
رقم التصنيف 210
رقم المادة ت ي م
100 1# - مدخل رئيسي – اسم شخصي
الاسم الشخصي إبن تيمية، تقي الدين أبو العباس أحمد
علاقة الشخص بالعمل/ دوره مؤلف.
245 10 - بيان العنوان
العنوان إقتضاء الصراط المستقيم مخالفة أصحاب الجحيم /
بيان المسؤولية تأليف شيخ الاسلام ابن تيمية.
264 1# - بيانات النشر، التوزيع…إلخ
مكان النشر، التوزيع...إلخ مكة المكرمة :
اسم الناشر، الموزع...إلخ مطابع المجد التجارية،
تاريخ النشر، التوزيع...إلخ 1970.
300 ## - الوصف المادي
عدد الوحدات المكونة للوعاء 480 صفحة.
650 17 - مدخل إضافي بالموضوع - مصطلح موضوعي
مصطلح موضوعي أو اسم جغرافي كعنصر مدخل الإسلام.
942 ## - بيانات إضافية (كوها)
نوع التنصيف Dewey Decimal Classification
نوع المادة (كوها) كتب
المقتنيات
حالة السحب حالة الفقدان مصدر التصنيف حالة التلف غير قابل للإعارة المكتبة الرئيسية المكتبة الحالية موقع الرف تاريخ التزويد الرقم المتسلسل Total Checkouts رقم الإستدعاء الباركود تاريخ آخر ظهور تاريخ الفاتورة نوع المادة (كوها)
    Dewey Decimal Classification     المكتبة المركزية المكتبة المركزية الإعارة 06/07/2004 61618   210 / ت ي م 61618 28/07/2025 06/07/2004 كتب
Implemented & Customized by: BBB with SCIT (Smart Chains for Information Technology)

Powered by Koha